000 00699nam a22002057a 4500
999 _c195882
_d195882
005 20230622112232.0
010 _aUR-11967 UR-12056
020 _a9788786346495
_c200.00
035 _aU-10522
035 _aU-10611
037 _bDBAD/PUB
082 _a305.4
100 _aصا حب سنگھ
245 _aپر یم چند کے ناولوں میں عورت کا اہم کردار /
_cصا حب سنگھ
246 _aPrem chand ke novelon mein aurat ka aham kirdar /
_bby Sahab Singh
260 _aKolkata
_bAzha Publications
_c2016 ء
270 _a170, Keshab Chandra Sen Street
_bkolkata
_e700009
300 _a168 ص
_c22cm(Hb)
942 _2ddc
_cUR
_h305.4
_mص ا ح